000 00571nam a2200193Ia 4500
005 20260114185839.0
008 008 260114s9999 xx 000 0 eng d
020 _a9780755604043
037 _aEBOOK
040 _aCRL
_beng
_cCRL
041 _aeng
_2eng
084 _qCRL
100 _aKieran Cashell
_9875133
245 0 _aAftershock The Ethics of Contemporary Transgressive Art
260 _bBloomsbury
_c2009
856 _uhttps://doi.org/10.5040/9780755604043?locatt=label:secondary_bloomsburyCollections
942 _cEBOOK
999 _c1474067
_d1474067